[Event "ICS Rated blitz match"]
[Site "204.178.125.65"]
[Date "2000.07.16"]
[Round "?"]
[White "QueenMaxima"]
[Black "Hossa"]
[Result "1-0"]
[WhiteElo "2550"]
[BlackElo "2441"]
[PlyCount "151"]
[EventDate "2000.??.??"]

1. d4 d5 2. c4 e6 3. Nc3 Nc6 4. Nf3 Nf6 5. Bg5 Bb4 6. Qc2 dxc4 7. e3 b5 8. a4
Qd5 9. axb5 Qxb5 10. Bxf6 gxf6 11. Nd2 Qg5 12. Be2 Qg6 13. Qxg6 fxg6 14. O-O
Bxc3 15. bxc3 a5 16. Bf3 Bd7 17. Nxc4 a4 18. Ra2 Ke7 19. Rfa1 e5 20. Nb2 exd4
21. exd4 Ra5 22. Nxa4 Rb8 23. h3 Nd8 24. Be4 f5 25. Bc2 Ne6 26. Re1 Kf7 27. Kh2
Rba8 28. Bb3 Rxa4 29. Rxa4 Rxa4 30. Rxe6 Bxe6 31. Bxa4 Bc4 32. Kg3 Ke7 33. Kf4
Bd5 34. g4 fxg4 35. hxg4 h6 36. Ke5 Bf3 37. Bc2 Bxg4 38. Bxg6 h5 39. f4 h4 40.
Be4 h3 41. f5 h2 42. Bc6 Be2 43. f6+ Kf7 44. Bd5+ Kg6 45. Be4+ Kf7 46. Bc6 Bb5
47. Bd5+ Kg6 48. Be4+ Kf7 49. Bf3 Bc4 50. Bb7 Kg6 51. Bc6 Kg5 52. Be4 Bf7 53.
Bb7 Kg4 54. Bh1 Bg8 55. Bc6 Kg3 56. Kf5 Bf7 57. Kg5 Be8 58. Bd5 Kf2 59. Kf5 Bf7
60. Be4 Kg1 61. d5 Kf2 62. Kg5 Be8 63. c4 Kg3 64. c5 Bf7 65. d6 c6 66. d7 Bd5
67. d8=Q Bxe4 68. Qd6+ Kh3 69. Qe6+ Kg3 70. Qxe4 h1=Q 71. Qxh1 Kf2 72. Qe4 Kf1
73. Kf4 Kf2 74. Qc2+ Ke1 75. Kf3 Kf1 76. Qf2# {Hossa checkmated} 1-0

[Event "ICS rated blitz match"]
[Site "204.178.125.65"]
[Date "2000.07.16"]
[Round "?"]
[White "Hossa"]
[Black "QueenMaxima"]
[Result "1-0"]
[WhiteElo "2430"]
[BlackElo "2561"]
[PlyCount "159"]
[EventDate "2000.??.??"]

1. d4 e6 2. e4 Nc6 3. Nf3 d5 4. e5 Bd7 5. Be2 Nge7 6. O-O Nf5 7. c3 Be7 8. b3
O-O 9. g4 Nh4 10. Nxh4 Bxh4 11. Nd2 Qg5 12. f4 Qg6 13. g5 Ne7 14. Nf3 Nf5 15.
Kh1 h6 16. Bd3 Qh5 17. Qc2 a6 18. a4 hxg5 19. fxg5 g6 20. Qg2 Kg7 21. Be2 Rh8
22. Bf4 Kf8 23. Kg1 Rc8 24. Ne1 Qh7 25. Nd3 Ra8 26. Nc5 Bc6 27. Rf3 a5 28. Bb5
Rd8 29. Bxc6 bxc6 30. Raf1 Qh5 31. Nb7 Ra8 32. Bc1 Kg8 33. Nc5 Rd8 34. Bd2 Rh7
35. Rd3 Rh8 36. b4 axb4 37. cxb4 Kf8 38. a5 Ke8 39. a6 Ra8 40. Ra1 Ke7 41. a7
Ke8 42. Bf4 Qh7 43. Be3 Nxe3 44. Rxe3 Bxg5 45. Rd3 Bf4 46. h3 Qh6 47. Qf2 Qg5+
48. Kf1 Qf5 49. Qf3 Rh4 50. Ra6 Bg5 51. Qxf5 exf5 52. Ra4 Ke7 53. Kg2 Bh6 54.
Ra1 Ke8 55. Kg3 Bg5 56. Nb3 Kd7 57. Rc3 f6 58. e6+ Ke7 59. Rxc6 Bf4+ 60. Kg2
Bd6 61. b5 Kxe6 62. Nc5+ Ke7 63. Nb7 Rxd4 64. Nxd6 cxd6 65. Rc7+ Ke6 66. b6
Rd2+ 67. Kf1 Ke5 68. b7 Rxa7 69. Re1+ Kd4 70. b8=Q Rxc7 71. Qxc7 Rb2 72. Qa7+
Kc4 73. Rc1+ Kd3 74. Qa3+ Ke4 75. Re1+ Kd4 76. Qxb2+ Kc4 77. Rc1+ Kd3 78. Qc3+
Ke4 79. Re1+ Kf4 80. Qe3# 1-0

[Event "ICS Rated blitz match"]
[Site "204.178.125.65"]
[Date "2000.07.16"]
[Round "?"]
[White "hnishy"]
[Black "Hossa"]
[Result "1/2-1/2"]
[WhiteElo "2327"]
[BlackElo "2452"]
[PlyCount "106"]
[EventDate "2000.??.??"]

1. e4 e6 2. d3 d5 3. Nd2 Nc6 4. Ngf3 e5 5. Be2 Nf6 6. O-O Be7 7. c3 dxe4 8.
dxe4 O-O 9. Qc2 Bg4 10. h3 Bh5 11. a3 Qc8 12. b4 Nd7 13. Re1 Bg6 14. Bc4 Bh5
15. Nh2 Nb6 16. Bb3 a5 17. Rb1 Qd7 18. Ndf1 a4 19. Ba2 Rfd8 20. Be3 Bh4 21.
Bxb6 cxb6 22. g3 Bg5 23. Kg2 Qd3 24. Rb2 Qxc2 25. Rxc2 Bd1 26. Rb2 Rac8 27. Ng4
Bxg4 28. hxg4 Ne7 29. Rc2 Rd3 30. Ne3 Rcxc3 31. Rxc3 Rxc3 32. Rd1 Nc6 33. Rd7
Bxe3 34. Bxf7+ Kf8 35. fxe3 Rxa3 36. b5 Nb4 37. Be6 Rxe3 38. Rxb7 Nc2 39. Rxb6
Rxe4 40. Rc6 Re2+ 41. Kh3 Nd4 42. Rc8+ Ke7 43. Bg8 g5 44. Bd5 Kd6 45. Bh1 Rb2
46. Ra8 Ne2 47. Bg2 Ra2 48. b6 Ng1+ 49. Kh2 Nf3+ 50. Kh3 Ng1+ 51. Kh2 Nf3+ 52.
Kh3 Ng1+ 53. Kh2 Nf3+ 1/2-1/2

[Event "ICS Rated standard match"]
[Site "204.178.125.65"]
[Date "2000.07.16"]
[Round "?"]
[White "Hossa"]
[Black "astaire"]
[Result "1/2-1/2"]
[WhiteElo "2382"]
[BlackElo "2014"]
[PlyCount "111"]
[EventDate "2000.??.??"]

1. d4 f5 2. g3 Nf6 3. c4 e6 4. Nf3 Bb4+ 5. Nc3 Bxc3+ 6. bxc3 O-O 7. Bg2 d6 8.
O-O Qe8 9. Ng5 h6 10. Nf3 e5 11. Nd2 e4 12. Nb3 Be6 13. d5 Bd7 14. c5 Na6 15.
cxd6 cxd6 16. Bf4 Qe7 17. Na5 Nc5 18. Nc4 Ne8 19. Rb1 g5 20. Be3 b6 21. f4 g4
22. Bxc5 bxc5 23. Rb7 Nf6 24. Qb3 a5 25. Rb1 a4 26. Qd1 Rad8 27. R1b6 Ne8 28.
Qxa4 Bxa4 29. Rxe7 Rf7 30. Re6 Kg7 31. Nxd6 Nxd6 32. Rbxd6 Rxd6 33. Rxd6 Rf6
34. Rxf6 Kxf6 35. e3 Bb5 36. Bf1 c4 37. h3 h5 38. a4 Ba6 39. Kf2 Ke7 40. Ke1
Kd6 41. h4 Kxd5 42. Be2 Kc5 43. Kd1 Kb6 44. Kc1 Ka5 45. Bd1 Bb7 46. Kd2 Bd5 47.
Kc1 Be6 48. Kb2 Bd5 49. Kb1 Be6 50. Kc1 Bd5 51. Kb2 Be6 52. Kb1 Bd5 53. Kc1 Be6
54. Kb2 Bd5 55. Kb1 Be6 56. Kc1 1/2-1/2

[Event "ICS rated standard match"]
[Site "204.178.125.65"]
[Date "2000.07.16"]
[Round "?"]
[White "Bootemout"]
[Black "Hossa"]
[Result "0-1"]
[WhiteElo "1974"]
[BlackElo "2369"]
[PlyCount "72"]
[EventDate "2000.??.??"]

1. d4 f5 2. Nf3 Nf6 3. g3 e6 4. Bg2 Nc6 5. O-O Be7 6. Re1 O-O 7. c4 b6 8. d5
Na5 9. b3 Bb7 10. dxe6 dxe6 11. Qxd8 Raxd8 12. Ng5 Bc8 13. Bb2 Ng4 14. Nf3 Nc6
15. h3 Nf6 16. a3 Ne4 17. Ne5 Bb7 18. Nxc6 Bxc6 19. Be5 Bd6 20. Bb2 Ba8 21. b4
f4 22. g4 c5 23. Bxe4 Bxe4 24. Nc3 Bc6 25. b5 Ba8 26. Rad1 f3 27. e3 h5 28. Rd3
Bh2+ 29. Kxh2 Rxd3 30. Kg3 Rd2 31. Bc1 h4+ 32. Kxh4 Rxf2 33. e4 Rc2 34. Nb1
Bxe4 35. Bg5 f2 36. Rf1 Bg2 {Bootemout resigns} 0-1

[Event "ICS rated blitz match"]
[Site "204.178.125.65"]
[Date "2000.07.16"]
[Round "?"]
[White "Hossa"]
[Black "plazafrancia"]
[Result "1/2-1/2"]
[WhiteElo "2447"]
[BlackElo "2193"]
[PlyCount "87"]
[EventDate "2000.??.??"]

1. e4 c6 2. d4 d5 3. e5 Bf5 4. Nc3 e6 5. g4 Bg6 6. Nge2 h6 7. Bg2 Nd7 8. h4 c5
9. h5 Bh7 10. f4 cxd4 11. Nxd4 Qc7 12. O-O Bc5 13. Be3 Ne7 14. a3 Nc6 15. Rf2
Nxd4 16. Bxd4 Bxd4 17. Qxd4 Qc5 18. Qd2 Nb6 19. Bf1 O-O 20. Nb5 f6 21. Nd4 Qe7
22. Re1 fxe5 23. Rxe5 Rf6 24. f5 Nd7 25. Rxe6 Rxe6 26. Nxe6 Nf6 27. g5 Ne4 28.
Qxd5 Nxf2 29. Nc7+ Kh8 30. Nxa8 Qe3 31. Qd8+ Bg8 32. gxh6 Ng4+ 33. Kg2 Qxh6 34.
Be2 Nf6 35. Qf8 Qg5+ 36. Kf2 Ne4+ 37. Kf3 Nf6 38. Kf2 Qf4+ 39. Kg2 Qg5+ 40. Kf2
Qf4+ 41. Kg2 Qg5+ 42. Kf2 Qf4+ 43. Kg2 Qg5+ 44. Kf2 1/2-1/2

[Event "ICS rated blitz match"]
[Site "204.178.125.65"]
[Date "2000.07.16"]
[Round "?"]
[White "nicoge"]
[Black "Hossa"]
[Result "0-1"]
[WhiteElo "2004"]
[BlackElo "2444"]
[PlyCount "70"]
[EventDate "2000.??.??"]

1. e4 e6 2. d4 d5 3. Nc3 Bb4 4. e5 c5 5. a3 Bxc3+ 6. bxc3 Ne7 7. Qg4 Qc7 8.
Qxg7 Rg8 9. Qxh7 cxd4 10. Ne2 Nbc6 11. f4 Bd7 12. Qd3 dxc3 13. Rg1 Rc8 14. g4
Na5 15. Rg3 Rh8 16. h3 Ng6 17. Qxc3 Qd8 18. Qd2 Qb6 19. Qd4 Rxc2 20. Qxb6 axb6
21. Rb1 Nc4 22. Nd4 Rh2 23. Bxc4 dxc4 24. Rxb6 Rh1+ 25. Kd2 R8xh3 26. Rxh3 Rxh3
27. Kc2 Ba4+ 28. Kb2 Rd3 29. Nc2 c3+ 30. Kb1 Rd7 31. Nb4 Ne7 32. Na2 Nd5 33.
Rb4 Nxb4 34. Nxb4 Rd2 35. g5 Bb3 {nicoge resigns} 0-1

[Event "ICS rated blitz match"]
[Site "204.178.125.65"]
[Date "2000.07.16"]
[Round "?"]
[White "Hossa"]
[Black "menorca64"]
[Result "1-0"]
[WhiteElo "2446"]
[BlackElo "2158"]
[PlyCount "101"]
[EventDate "2000.??.??"]

1. e4 e6 2. d4 d5 3. Nc3 Nf6 4. Bd3 Bb4 5. e5 Ne4 6. Nge2 Nxc3 7. bxc3 Ba5 8.
Ba3 Nd7 9. O-O c5 10. Bb5 c4 11. Qd2 a6 12. Bxd7+ Qxd7 13. Qg5 Rg8 14. Qh4 h6
15. Qf4 Qa4 16. Qc1 Bd7 17. Rb1 O-O-O 18. Bc5 Kb8 19. Qb2 Qc6 20. Rfe1 Bc8 21.
Be7 Rde8 22. Bd6+ Bc7 23. Bxc7+ Qxc7 24. Ng3 f5 25. a4 g5 26. Nh5 Rh8 27. Nf6
Ref8 28. Re3 Ka8 29. Rg3 g4 30. h4 Ka7 31. h5 Rf7 32. Qb4 Rhf8 33. a5 Ka8 34.
Qa3 Rh8 35. Rb6 Bd7 36. Qb4 Bc6 37. Qb2 Ka7 38. Re3 f4 39. Re1 g3 40. Rf1 f3
41. fxg3 fxg2 42. Kxg2 Rhf8 43. Qc1 Rh8 44. Qa3 Be8 45. Rxe6 Bd7 46. Nxd5 Bxe6
47. Nxc7 Rxc7 48. Rf8 Bd5+ 49. Kg1 Rhh7 50. Qd6 Rhg7 51. Qb6# 1-0

[Event "ICS rated standard match"]
[Site "204.178.125.65"]
[Date "2000.07.16"]
[Round "?"]
[White "janh"]
[Black "Hossa"]
[Result "1/2-1/2"]
[WhiteElo "2327"]
[BlackElo "2372"]
[PlyCount "166"]
[EventDate "2000.??.??"]

1. d4 f5 2. c4 e6 3. g3 Nf6 4. Bg2 d5 5. Nh3 dxc4 6. Qa4+ c6 7. Qxc4 b5 8. Qd3
Be7 9. Bf4 Nd5 10. O-O O-O 11. Nd2 Nb4 12. Qc3 Nd5 13. Qb3 Nxf4 14. Nxf4 Qxd4
15. Nxe6 Qxd2 16. Nc7+ Rf7 17. Nxa8 Qd7 18. Rfc1 Qb7 19. a4 b4 20. Nc7 Qxc7 21.
Bd5 Bf8 22. Bxf7+ Qxf7 23. Qxf7+ Kxf7 24. b3 Be6 25. Rab1 Bd5 26. Rd1 Na6 27.
Rd4 g5 28. h4 Bg7 29. Rxd5 cxd5 30. hxg5 Nc5 31. Kg2 Ne4 32. Rd1 Nc3 33. Rd2
Bf8 34. f4 Ke6 35. Rc2 h6 36. gxh6 Bxh6 37. Kf3 Bg7 38. e3 Bf8 39. g4 fxg4+ 40.
Kxg4 Bc5 41. Kf3 Ne4 42. Ke2 Kf7 43. Kf3 Bd6 44. Rh2 Ke6 45. Rh6+ Kd7 46. Rh2
Nc5 47. Rb2 Be7 48. Rb1 Kd6 49. Kg3 Bf6 50. Kf3 Ne4 51. Rd1 Bc3 52. Ke2 Nc5 53.
Rb1 Ke6 54. a5 a6 55. Kf3 Ne4 56. Kg4 Nd2 57. f5+ Kf7 58. Rd1 d4 59. exd4 Nxb3
60. d5 Nxa5 61. d6 Nc6 62. Kf3 a5 63. Ke4 a4 64. Kd5 Nd8 65. Kc4 Kf6 66. Rd5 a3
67. Kb3 Nc6 68. Ka2 Bb2 69. Rb5 Bd4 70. Rd5 Kf7 71. d7 Bf6 72. Rd6 Nd8 73. Kb3
Ke7 74. Ra6 Bc3 75. f6+ Kxd7 76. Rxa3 Bxf6 77. Kxb4 Be7+ 78. Ka4 Ne6 79. Re3
Nc5+ 80. Kb5 Bd6 81. Re5 Nb7 82. Rd5 Kc7 83. Rxd6 Nxd6+ 1/2-1/2

[Event "ICS rated blitz match"]
[Site "204.178.125.65"]
[Date "2000.07.16"]
[Round "?"]
[White "Dorky"]
[Black "Hossa"]
[Result "0-1"]
[WhiteElo "2136"]
[BlackElo "2451"]
[PlyCount "102"]
[EventDate "2000.??.??"]

1. d4 f5 2. Nf3 Nf6 3. g3 e6 4. Nc3 Be7 5. e3 b6 6. Bd2 Ne4 7. Nxe4 fxe4 8. Ne5
O-O 9. Bg2 Bb7 10. Qg4 Rf6 11. Bxe4 h5 12. Bxb7 hxg4 13. Bxa8 a5 14. Nxg4 Rf8
15. f3 d6 16. O-O Qe8 17. Bc3 Qb5 18. Be4 Qh5 19. Bd3 Nc6 20. e4 b5 21. d5 exd5
22. Bxb5 dxe4 23. Bxc6 Qc5+ 24. Nf2 Qxc6 25. fxe4 Bf6 26. Bxf6 Rxf6 27. c3 Qb5
28. b3 Qe2 29. g4 Qb2 30. Rad1 Qxa2 31. b4 a4 32. Ra1 Qb3 33. Rfb1 Qxc3 34. Ra2
a3 35. b5 Rxf2 36. Rxf2 Qd4 37. Rbf1 a2 38. Kg2 Qxe4+ 39. Kh3 Qb1 40. Rf8+ Kh7
41. Kg3 Qxb5 42. Kh4 Qe5 43. h3 a1=Q 44. Rxa1 g5+ 45. Kh5 Qg7 46. Rh8+ Qxh8 47.
Ra7 Qg7 48. Rxc7 Qxc7 49. Kxg5 Qf7 50. h4 Kg7 51. h5 Qf6# {Dorky checkmated}
0-1

[Event "ICS rated standard match"]
[Site "204.178.125.65"]
[Date "2000.07.16"]
[Round "?"]
[White "Hossa"]
[Black "dannystallone"]
[Result "1-0"]
[WhiteElo "2370"]
[BlackElo "2200"]
[PlyCount "117"]
[EventDate "2000.??.??"]

1. e4 c5 2. d4 cxd4 3. Qxd4 Nc6 4. Qd1 Nf6 5. Nc3 e6 6. Nf3 d6 7. Be2 Be7 8.
O-O O-O 9. Bf4 a6 10. Qd2 Qc7 11. Rfd1 Rd8 12. a3 b5 13. Bg5 Bb7 14. Qf4 Rac8
15. Qh4 Na5 16. Bd3 Nc4 17. e5 dxe5 18. Bxf6 Bxf6 19. Qxh7+ Kf8 20. Be4 Rxd1+
21. Rxd1 Nxb2 22. Bxb7 Nxd1 23. Qh8+ Ke7 24. Qxc8 Qxc8 25. Bxc8 Nxc3 26. Bxa6
Kd6 27. Bb7 Nb1 28. g4 Nxa3 29. g5 Bd8 30. Be4 f5 31. gxf6 gxf6 32. Bg6 f5 33.
Be8 Bf6 34. Ne1 e4 35. Kf1 Kc5 36. Bf7 Kd6 37. Be8 Bc3 38. Ng2 b4 39. Ba4 Bf6
40. h3 Ke5 41. Ne3 Kd4 42. Bb3 Bg5 43. Ng2 Ke5 44. h4 Bh6 45. Ne3 f4 46. Ng4+
Kd4 47. Nxh6 e3 48. Ng4 exf2 49. h5 e5 50. h6 e4 51. h7 e3 52. h8=Q+ Kc5 53.
Qf8+ Kc6 54. Ba4+ Kd5 55. Qf5+ Kc4 56. Qxf4+ Kc3 57. Qe5+ Kd2 58. Qxe3+ Kd1 59.
Nxf2# 1-0

[Event "ICS rated standard match"]
[Site "204.178.125.65"]
[Date "2000.07.16"]
[Round "?"]
[White "dannystallone"]
[Black "Hossa"]
[Result "1/2-1/2"]
[WhiteElo "2087"]
[BlackElo "2370"]
[PlyCount "228"]
[EventDate "2000.??.??"]

1. c4 e5 2. Nc3 Nf6 3. Nf3 Nc6 4. e3 Bb4 5. Qc2 Bxc3 6. Qxc3 Qe7 7. a3 d5 8.
cxd5 Nxd5 9. Qb3 e4 10. Qxd5 exf3 11. Bb5 O-O 12. gxf3 Be6 13. Qe4 f5 14. Qf4
Na5 15. b4 a6 16. Be2 Nb3 17. Rb1 Nxc1 18. Rxc1 c6 19. Qe5 Rf6 20. Rg1 Qf7 21.
f4 Re8 22. Qc5 Rh6 23. Rg2 Rh4 24. Kf1 Rh6 25. Bc4 Rg6 26. Rg3 Rh6 27. h3 Rg6
28. Kg2 Rd8 29. d4 Re8 30. Bxe6 Rexe6 31. Qc4 Rxg3+ 32. Kxg3 Rg6+ 33. Kh2 Qxc4
34. Rxc4 b6 35. a4 Kf7 36. a5 bxa5 37. bxa5 Rd6 38. Rb4 Rd5 39. Rb6 Rxa5 40.
Rxc6 Ra1 41. Kg3 a5 42. Kh4 h6 43. d5 Rb1 44. Rc7+ Kf6 45. Ra7 Rb5 46. d6 Rd5
47. d7 a4 48. Kh5 Rd3 49. Ra6+ Kf7 50. Ra7 Kf6 51. Ra6+ Kf7 52. Ra7 Kf6 53.
Ra6+ Kf7 54. Ra7 Kf6 55. Ra6+ Kf7 56. Ra7 Kf6 57. Ra6+ Kf7 58. Ra7 Kf6 59. Ra6+
Kf7 60. Ra7 Kf6 61. Ra6+ Kf7 62. Ra7 Kf6 63. Ra6+ Kf7 64. Ra7 Kf6 65. Ra6+ Kf7
66. Ra7 Kf6 67. Ra6+ Kf7 68. Ra7 Kf6 69. Ra6+ Kf7 70. Ra7 Kf6 71. Ra6+ Kf7 72.
Ra7 Kf6 73. Ra6+ Kf7 74. Ra7 Kf6 75. Ra6+ Kf7 76. Ra7 Kf6 77. Ra6+ Kf7 78. Ra7
Kf6 79. Ra6+ Kf7 80. Ra7 Kf6 81. Ra6+ Kf7 82. Ra7 Kf6 83. Ra6+ Kf7 84. Ra7 Kf6
85. Ra6+ Kf7 86. Ra7 Kf6 87. Ra6+ Kf7 88. Ra7 Kf6 89. Ra6+ Kf7 90. Ra7 Kf6 91.
h4 a3 92. Ra6+ Kf7 93. Ra7 Kf6 94. Ra6+ Kf7 95. Ra7 Kf6 96. Ra6+ Kf7 97. Ra7
Kf6 98. Ra6+ Kf7 99. Ra7 Kf6 100. Ra6+ Kf7 101. Ra7 Kf6 102. Ra6+ Kf7 103. Ra7
Kf6 104. Ra6+ Kf7 105. Ra7 Kf6 106. Ra6+ Kf7 107. Ra7 Kf6 108. Ra6+ Kf7 109.
Ra7 Kf6 110. Ra6+ Kf7 111. Ra7 Kf6 112. Ra6+ Kf7 113. Ra7 Kf6 114. Ra6+ Kf7
1/2-1/2

[Event "ICS rated blitz match"]
[Site "204.178.125.65"]
[Date "2000.07.16"]
[Round "?"]
[White "Hossa"]
[Black "salzi"]
[Result "1-0"]
[WhiteElo "2455"]
[BlackElo "1984"]
[PlyCount "27"]
[EventDate "2000.??.??"]

1. e4 c5 2. d4 cxd4 3. Qxd4 Nc6 4. Qd1 d6 5. Bc4 Nf6 6. Nc3 g6 7. Nf3 Bg7 8. e5
dxe5 9. Qxd8+ Nxd8 10. Nxe5 a6 11. O-O Be6 12. Na4 Bxc4 13. Nxc4 b6 14. Naxb6 {
salzi resigns} 1-0

[Event "ICS rated blitz match"]
[Site "204.178.125.65"]
[Date "2000.07.16"]
[Round "?"]
[White "salzi"]
[Black "Hossa"]
[Result "0-1"]
[WhiteElo "1982"]
[BlackElo "2457"]
[PlyCount "46"]
[EventDate "2000.??.??"]

1. d4 f5 2. e4 fxe4 3. f3 d5 4. fxe4 dxe4 5. Nc3 Nf6 6. Bg5 Bf5 7. Nge2 e6 8.
Ng3 Be7 9. Bb5+ c6 10. Be2 Bg6 11. Qd2 Bb4 12. O-O-O Qa5 13. Bxf6 Bxc3 14. Qxc3
Qxc3 15. bxc3 gxf6 16. Bc4 Ke7 17. h3 f5 18. Rde1 Rg8 19. Ne2 b5 20. Bb3 Bf7
21. Nf4 Nd7 22. c4 b4 23. d5 e5 {salzi resigns} 0-1

[Event "ICS rated blitz match"]
[Site "204.178.125.65"]
[Date "2000.07.16"]
[Round "?"]
[White "Hossa"]
[Black "salzi"]
[Result "1-0"]
[WhiteElo "2459"]
[BlackElo "1980"]
[PlyCount "69"]
[EventDate "2000.??.??"]

1. e4 c5 2. d4 cxd4 3. Qxd4 Nc6 4. Qd1 Nf6 5. Nc3 g6 6. Nf3 d6 7. Be2 Bg7 8.
O-O O-O 9. Bd2 Qb6 10. a3 a6 11. Qc1 Rd8 12. Be3 Qc7 13. Rd1 Be6 14. Nd5 Bxd5
15. exd5 Nb8 16. Ne1 Nbd7 17. Bh6 Nc5 18. Rd4 Bh8 19. Nd3 Nfe4 20. Nxc5 Nxc5
21. Rd1 Rac8 22. Rb1 Qb6 23. Re1 Qc7 24. Bg4 Rb8 25. Qe3 Re8 26. Be2 Rbc8 27.
c3 Bf6 28. Qf4 Nd7 29. Rbd1 b5 30. a4 Rb8 31. axb5 axb5 32. Qb4 Qc5 33. Qa5 Ra8
34. Qxb5 Qxb5 35. Bxb5 {salzi resigns} 1-0

[Event "ICS rated blitz match"]
[Site "204.178.125.65"]
[Date "2000.07.16"]
[Round "?"]
[White "Hossa"]
[Black "kako"]
[Result "1-0"]
[WhiteElo "2470"]
[BlackElo "2224"]
[PlyCount "79"]
[EventDate "2000.??.??"]

1. e4 e6 2. d4 d5 3. Nc3 Bb4 4. e5 c5 5. Bd2 Ne7 6. dxc5 Bxc5 7. Na4 Nd7 8. Nf3
a6 9. Nxc5 Nxc5 10. Be2 Qc7 11. O-O Ne4 12. Rc1 b5 13. Bd3 Bb7 14. Be3 Nf5 15.
Bf4 O-O 16. c3 Rac8 17. h4 Qa5 18. a3 Qb6 19. g4 Ne7 20. h5 f5 21. g5 Rfd8 22.
Bc2 g6 23. h6 a5 24. Be3 Qc6 25. a4 Ba6 26. Nd4 Qd7 27. Bd3 Rb8 28. axb5 Bxb5
29. Nxb5 Rxb5 30. Bxb5 Qxb5 31. Qc2 Rc8 32. f3 Nc5 33. Bxc5 Rxc5 34. Rf2 Nc6
35. Qe2 Qb6 36. Qe3 Qb5 37. Ra1 a4 38. Rxa4 d4 39. Ra8+ Kf7 40. cxd4 {
kako resigns} 1-0

[Event "ICS rated blitz match"]
[Site "204.178.125.65"]
[Date "2000.07.16"]
[Round "?"]
[White "salzi"]
[Black "Hossa"]
[Result "1/2-1/2"]
[WhiteElo "1955"]
[BlackElo "2476"]
[PlyCount "110"]
[EventDate "2000.??.??"]

1. d4 f5 2. g3 Nf6 3. Bg2 g6 4. Nc3 Bg7 5. Nf3 d6 6. O-O e6 7. h3 O-O 8. Bg5
Nc6 9. Qd2 e5 10. dxe5 dxe5 11. Rad1 Qxd2 12. Rxd2 e4 13. Nd4 Nxd4 14. Rxd4 Be6
15. Rd2 Rf7 16. Rfd1 Raf8 17. Be3 Nh5 18. Bc5 Bxc3 19. bxc3 Ra8 20. a3 b6 21.
Rd8+ Rxd8 22. Rxd8+ Kg7 23. Bd4+ Nf6 24. f3 exf3 25. Bxf3 c5 26. Be5 Re7 27.
Bd6 Rd7 28. Rxd7+ Bxd7 29. Bb8 Ba4 30. Bxa7 Nd7 31. Bd5 Kf6 32. Bb7 Ke7 33. Bc8
b5 34. Bxd7 Kxd7 35. Bxc5 Bxc2 36. Kf2 Be4 37. h4 Ke6 38. Bb4 Kd5 39. Ke3 Kc4
40. Kf4 Bc2 41. Ke3 Kb3 42. Kd4 Bd1 43. e4 fxe4 44. Kxe4 Kc4 45. Kf4 h6 46. g4
Kb3 47. g5 h5 48. Ke5 Bf3 49. Kd4 Be2 50. Ke3 Bc4 51. Kd4 Be2 52. Ke3 Bc4 53.
Kd4 Be2 54. Ke3 Bc4 55. Kd4 Be2 1/2-1/2

[Event "ICS rated blitz match"]
[Site "204.178.125.65"]
[Date "2000.07.16"]
[Round "?"]
[White "Hossa"]
[Black "salzi"]
[Result "1-0"]
[WhiteElo "2462"]
[BlackElo "1968"]
[PlyCount "27"]
[EventDate "2000.??.??"]

1. e4 c5 2. d4 cxd4 3. Qxd4 Nc6 4. Qd1 Nf6 5. Nc3 g6 6. Nf3 d6 7. Be2 Bg7 8.
O-O O-O 9. Bd2 a6 10. Qc1 Re8 11. Bh6 Bh8 12. Ng5 Ng4 13. Bxg4 Bxg4 14. Nxf7 {
salzi resigns} 1-0

[Event "ICS rated standard match"]
[Site "204.178.125.65"]
[Date "2000.07.16"]
[Round "?"]
[White "Hossa"]
[Black "dannystallone"]
[Result "1-0"]
[WhiteElo "2369"]
[BlackElo "2139"]
[PlyCount "127"]
[EventDate "2000.??.??"]

1. e4 c5 2. d4 cxd4 3. Qxd4 Nc6 4. Qd1 Nf6 5. Nc3 d6 6. Nf3 e6 7. Be2 a6 8. Bf4
Qc7 9. Qd2 Be7 10. Rd1 Ne5 11. Bxe5 dxe5 12. Qg5 O-O 13. Qxe5 Qxe5 14. Nxe5 Bb4
15. Rd4 Bxc3+ 16. bxc3 b6 17. Rb4 b5 18. c4 Bb7 19. Rb2 Nxe4 20. cxb5 axb5 21.
Bxb5 Nc3 22. Bc6 Bxc6 23. Nxc6 Rxa2 24. Rxa2 Nxa2 25. Ne7+ Kh8 26. Ke2 Rd8 27.
Kf3 Rd2 28. c4 Rc2 29. Rd1 g5 30. Rd4 Kg7 31. h4 h6 32. g3 Nc1 33. hxg5 hxg5
34. Kg2 Nb3 35. Rd3 Na5 36. c5 Rxc5 37. Rd8 Kf6 38. Ng8+ Kf5 39. Ne7+ Ke4 40.
Rf8 f5 41. Rg8 g4 42. Ra8 Nb3 43. Ra3 Rc3 44. Ng6 Rd3 45. Nf4 Nc5 46. Nxd3 Nxd3
47. Kf1 f4 48. Ra4+ Ke5 49. Ke2 Nc1+ 50. Kd2 Nb3+ 51. Kc3 Nc1 52. gxf4+ Kf5 53.
Kd2 Nb3+ 54. Kc2 Nc5 55. Ra5 Kxf4 56. Rxc5 Kf3 57. Rc4 e5 58. Kd3 Kxf2 59. Rxg4
Kf3 60. Re4 Kf2 61. Rxe5 Kf3 62. Re4 Kf2 63. Re3 Kf1 64. Re2 1-0

[Event "ICS rated standard match"]
[Site "204.178.125.65"]
[Date "2000.07.16"]
[Round "?"]
[White "dannystallone"]
[Black "Hossa"]
[Result "0-1"]
[WhiteElo "2122"]
[BlackElo "2372"]
[PlyCount "104"]
[EventDate "2000.??.??"]

1. c4 e5 2. Nc3 Nf6 3. Nf3 Nc6 4. g3 Bb4 5. Bg2 Ng4 6. O-O O-O 7. Nd5 e4 8. Ne1
Re8 9. Nxb4 Nxb4 10. a3 Nc6 11. d3 exd3 12. Nxd3 d6 13. b3 Bf5 14. Bb2 Be4 15.
Bxe4 Rxe4 16. e3 Qg5 17. Nf4 Ree8 18. Qd5 Nge5 19. Rad1 Qf5 20. Rd2 g5 21. Nh5
Ne7 22. Qg2 Nf3+ 23. Qxf3 Qxf3 24. Nf6+ Kg7 25. Nxe8+ Kg6 26. Nxc7 Rd8 27. Rfd1
f6 28. Rxd6 Qxd1+ 29. Rxd1 Rxd1+ 30. Kg2 Rb1 31. Bd4 Rxb3 32. Bxa7 Rc3 33. Bc5
Rxc4 34. Bxe7 Rxc7 35. Bb4 g4 36. h3 h5 37. hxg4 hxg4 38. Be1 Rc1 39. Bd2 Ra1
40. Bb4 b6 41. Bd6 Kf5 42. Bc7 b5 43. Bd6 Ke6 44. Bb4 f5 45. Bf8 Kd7 46. Bb4
Kc6 47. Bf8 Kd5 48. Be7 Kc4 49. Bd6 Kb3 50. f4 Ra2+ 51. Kf1 Rxa3 52. e4 Ra6 0-1

[Event "ICS rated blitz match"]
[Site "204.178.125.65"]
[Date "2000.07.16"]
[Round "?"]
[White "RoGeR1"]
[Black "Hossa"]
[Result "1-0"]
[WhiteElo "2059"]
[BlackElo "2464"]
[PlyCount "109"]
[EventDate "2000.??.??"]

1. e4 e6 2. d4 d5 3. e5 c5 4. c3 Nc6 5. Nf3 Qb6 6. a3 cxd4 7. cxd4 f6 8. exf6
gxf6 9. Be2 Nh6 10. Nc3 Nf5 11. O-O Nfxd4 12. Nxd4 Qxd4 13. Bh5+ Kd7 14. Qf3 b6
15. Rd1 Qh4 16. Nxd5 exd5 17. Qxd5+ Kc7 18. Bf3 Ne5 19. Qd8+ Kb8 20. Bxa8 Bg7
21. Qd5 f5 22. g3 Qe4 23. Qxe4 fxe4 24. Bxe4 Bg4 25. Rd5 Be6 26. Rd6 Bc8 27.
Bf4 Rf8 28. Rd5 Rxf4 29. gxf4 Ng4 30. Rg5 Bd4 31. Rd1 Bxf2+ 32. Kg2 Ne3+ 33.
Kxf2 Nxd1+ 34. Kf3 Nxb2 35. Rg8 Kc7 36. Rg7+ Kd6 37. Rxh7 Bd7 38. h4 Nc4 39. h5
Nd2+ 40. Ke3 Nxe4 41. Kxe4 Be8 42. Rh6+ Ke7 43. Ke5 Bf7 44. Rh7 a6 45. f5 b5
46. f6+ Kf8 47. Rh8+ Bg8 48. h6 Kf7 49. Rxg8 Kxg8 50. Ke6 Kh7 51. f7 Kg6 52.
f8=Q a5 53. Qg8+ Kxh6 54. Kf5 Kh5 55. Qh7# {Hossa checkmated} 1-0

[Event "ICS rated standard match"]
[Site "204.178.125.65"]
[Date "2000.07.16"]
[Round "?"]
[White "Hossa"]
[Black "motorhome"]
[Result "1-0"]
[WhiteElo "2375"]
[BlackElo "1949"]
[PlyCount "109"]
[EventDate "2000.??.??"]

1. e4 c5 2. d4 cxd4 3. Qxd4 Nc6 4. Qd1 Nf6 5. Nc3 g6 6. Nf3 Bg7 7. Be2 O-O 8.
O-O d6 9. Bf4 Be6 10. Qc1 Rc8 11. Bg5 Na5 12. Bh6 Rxc3 13. Bxg7 Kxg7 14. bxc3
Nxe4 15. Qe3 Nf6 16. Qxa7 Qc7 17. Ng5 Qxc3 18. Qe3 Qxe3 19. fxe3 Bc4 20. Bd3 h6
21. Nf3 Nd5 22. Kf2 e5 23. Nd2 Rc8 24. Ne4 Bxd3 25. cxd3 Rc2+ 26. Kf3 f5 27.
Nxd6 Rc6 28. Nb5 g5 29. Rac1 Rb6 30. Rc5 Nb4 31. Ke2 Nxa2 32. Rxf5 Nc6 33. Nd6
Rb2+ 34. Kf3 Nab4 35. Rf7+ Kg6 36. Rxb7 g4+ 37. Ke4 Rxg2 38. Nc4 Rxh2 39. Rb6
Kg5 40. Nxe5 Nxe5 41. Rxe5+ Kh4 42. Rxb4 Kg3 43. Reb5 h5 44. d4 h4 45. Rb2 Rxb2
46. Rxb2 h3 47. d5 h2 48. Rxh2 Kxh2 49. d6 g3 50. d7 g2 51. d8=Q g1=Q 52. Qh4+
Kg2 53. Qg4+ Kf1 54. Qxg1+ Kxg1 55. Kd4 {motorhome resigns} 1-0

[Event "ICS rated standard match"]
[Site "204.178.125.65"]
[Date "2000.07.16"]
[Round "?"]
[White "motorhome"]
[Black "Hossa"]
[Result "0-1"]
[WhiteElo "1946"]
[BlackElo "2378"]
[PlyCount "48"]
[EventDate "2000.??.??"]

1. e4 e6 2. d4 d5 3. Nd2 c5 4. Ngf3 Nc6 5. exd5 exd5 6. Bb5 cxd4 7. O-O Bd6 8.
Re1+ Nge7 9. Bd3 O-O 10. Ng5 Bf5 11. Ndf3 h6 12. g4 Bxg4 13. Nh7 Re8 14. Bxh6
Ne5 15. Rxe5 Bxe5 16. Qd2 Bxf3 17. Qg5 Ng6 18. Qf5 Bxh2+ 19. Kf1 Nh4 20. Nf6+
Qxf6 21. Qh7+ Kf8 22. Qh8+ Ke7 23. Re1+ Be5 24. Qh7 gxh6 {motorhome resigns}
0-1